000 00553nam a2200169 4500
001 136002
003 ES-MaACL
005 20230906195018.0
007 t|
008 070214s1964 sp r ||||1| cat d
100 1 _aRovira Artigues, José María.
_9100142
245 1 4 _aEls `goigs de Josep Mª Rovira Artigues`
_b: seguits de llur bibliografia /
_cinici per mossen Camil Ceis, pr.
260 _aBarcelona :
_bTorrel de Reus,
_c1964.
300 _a91 p., 10 lám. ;
_c18 cm.
700 1 _aCeis, Camil.
_937332
852 _aES-MaACL
_jC-26962
_bR.54956
999 _c136002
_d136002